Gouvernement Lecornu I - Statistiques

Statistiques générales
  • Ce quiz a été pris 27 fois
  • Le résultat moyen est 13 sur 19
Statistiques - réponses
Hint Réponse % Correct
Garde des Sceaux, Ministre de la Justice Gérald Darmanin
100%
Ministre de la Culture Rachida Dati
100%
Premier ministre Sebastien Lecornu
100%
Ministre de l’Intérieur Bruno Retailleau
94%
Ministre de l’Éducation nationale, de l’Enseignement supérieur et de la Recherche Élisabeth Borne
89%
Ministre des Armées et des Anciens combattants Bruno Le Maire
83%
Ministre de l’Europe et des Affaires étrangères Jean-Noël Barrot
83%
Ministre du Travail, de la Santé, des Solidarités, des Familles, de l'Autonomie et des Personnes handicapées Catherine Vautrin
78%
Ministre des Outre-mer Manuel Valls
78%
Ministre de la Transition écologique, de la Biodiversité, de la Forêt, de la Mer et de la Pêche Agnès Pannier-Runacher
72%
Ministre de l’Économie, des Finances et de la Souveraineté industrielle et énergétique Roland Lescure
72%
Chargée de l'Égalité entre les femmes et les hommes et de la Lutte contre les discriminations, Porte-parole du Gouvernement Aurore Bergé
61%
Ministre des Transports Philippe Tabarot
56%
Ministre de l’Agriculture et de la Souveraineté alimentaire Annie Genevard
50%
Ministre de l’Aménagement du territoire, de la Décentralisation et du Logement Eric Woerth
44%
Ministre des Sports, de la Jeunesse et de la Vie associative Marina Ferrari
44%
Ministre de la Transformation et de la Fonction publiques, de l'Intelligence artificielle et du Numérique Naïma Moutchou
33%
Ministre des Comptes publics Amélie de Monchalin
28%
Chargé des Relations avec le Parlement. Mathieu Lefèvre
17%
Aucun quiz correspondant
Distribution des résultats
% des personnes avec chaque résultat
Percentile par nombre de réponses
Votre historique - résultats
Vous n’avez pas pris ce quiz